[Event "BCF-chT4 0607 (4NCL)"]
[Site "Sunningdale"]
[Date "2006.12.03"]
[Round "4.4"]
[White "Graham, Louis"]
[Black "Gallagher, Ian G"]
[Result "0-1"]
[WhiteElo "1940"]
[BlackElo "2005"]
[PlyCount "34"]
[EventDate "2006.09.16"]
[EventType "team"]
[EventRounds "11"]
[EventCountry "ENG"]
[SourceTitle "EXT 2008"]
[Source "ChessBase"]
[SourceDate "2007.11.25"]
[SourceVersion "1"]
[SourceVersionDate "2007.11.25"]
[SourceQuality "1"]
[WhiteTeam "London Mstrs"]
[BlackTeam "Cambridge II"]
[WhiteTeamCountry "ENG"]
[BlackTeamCountry "ENG"]

1. d4 Nf6 2. Nf3 g6 3. Bf4 Bg7 4. Nbd2 d6 5. e4 0-0 6. Be2 Nbd7 7. c3 Nh5 8. Be3 e5 9. g4 Nf4 10. Bxf4 exf4 11. g5 c5 12. Nc4 Qe7 13. Qc2 b5 14. Ncd2 Bb7 15. Bxb5 f5 16. Bxd7 Bxe4 17. Qb3+ Bd5+ 0-1

[Event "BCF-chT4 0506 (4NCL)"]
[Site "West Bromwich"]
[Date "2006.05.29"]
[Round "11.3"]
[White "Taylor, Robert Graham"]
[Black "Graham, Louis"]
[Result "0-1"]
[WhiteElo "2002"]
[BlackElo "1900"]
[PlyCount "72"]
[EventDate "2005.11.05"]
[EventType "team"]
[EventRounds "11"]
[EventCountry "ENG"]
[SourceTitle "CBM 109 Extra"]
[Source "ChessBase"]
[SourceDate "2006.01.03"]
[SourceVersion "2"]
[SourceVersionDate "2006.01.03"]
[SourceQuality "1"]
[WhiteTeam "Pontypridd"]
[BlackTeam "Richmond II"]
[WhiteTeamCountry "ENG"]
[BlackTeamCountry "ENG"]

1. e4 e5 2. Nf3 Nc6 3. Bb5 a6 4. Ba4 Nf6 5. 0-0 b5 6. Bb3 Be7 7. Re1 d6 8. c3 0-0 9. h3 Be6 10. Bc2 h6 11. d3 Na5 12. Nbd2 c5 13. Nf1 Nc6 14. Ng3 Qc7 15. Be3 d5 16. d4 Rad8 17. Qc1 c4 18. exd5 Rxd5 19. dxe5 Nxe5 20. Nd4 Bc5 21. Nge2 Bxd4 22. Nxd4 Qd7 23. Bf4 Nd3 24. Bxd3 cxd3 25. Re3 Bf5 26. Qd1 Rd8 27. Be5 Ne4 28. Bh2 Nd6 29. Bxd6 Qxd6 30. Qf3 Bg6 31. Rd1 b4 32. Rexd3 Bxd3 33. Rxd3 Re5 34. Rd1 bxc3 35. bxc3 Qa3 36. Rb1 Qxa2 0-1

[Event "BCF-chT4 0506 (4NCL)"]
[Site "West Bromwich"]
[Date "2005.11.05"]
[Round "1.2"]
[White "Gregory, Stephen J"]
[Black "Graham, Louis"]
[Result "1-0"]
[WhiteElo "2155"]
[BlackElo "1900"]
[PlyCount "149"]
[EventDate "2005.11.05"]
[EventType "team"]
[EventRounds "11"]
[EventCountry "ENG"]
[SourceTitle "CBM 109 Extra"]
[Source "ChessBase"]
[SourceDate "2006.01.03"]
[SourceVersion "2"]
[SourceVersionDate "2006.01.03"]
[SourceQuality "1"]
[WhiteTeam "The Suffolk Punches"]
[BlackTeam "Richmond II"]
[WhiteTeamCountry "ENG"]
[BlackTeamCountry "ENG"]

1. e4 e5 2. Bc4 Nf6 3. Qe2 d6 4. Nf3 Be7 5. c3 Nc6 6. d3 0-0 7. Nbd2 a6 8. Bb3 Be6 9. Nf1 Bxb3 10. axb3 Re8 11. Ng3 d5 12. 0-0 h6 13. h3 Bc5 14. Nh2 d4 15. c4 Ne7 16. Bd2 b6 17. Ng4 Ng6 18. Nxf6+ Qxf6 19. Nh5 Qe6 20. Qf3 Rf8 21. Ra2 a5 22. Raa1 Rad8 23. Rae1 f5 24. exf5 Rxf5 25. Qg4 Rdf8 26. Ng3 R5f6 27. Qxe6+ Rxe6 28. f4 Nh4 29. f5 Ref6 30. Ne4 Rxf5 31. Nxc5 bxc5 32. Rxf5 Rxf5 33. Bxa5 Rg5 34. Re2 Rg3 35. Be1 Nf3+ 36. Kf2 Nxe1 37. Kxg3 Nxd3 38. Kf3 Kf7 39. Rd2 Nc1 40. Ke4 Ke6 41. Rf2 Nxb3 42. Rf8 Na5 43. Kd3 e4+ 44. Kxe4 Nxc4 45. Re8+ Kf6 46. Rb8 Nd6+ 47. Kd3 Ke5 48. b3 Kf4 49. Rg8 g5 50. Rg7 Kg3 51. Rxc7 Kxg2 52. Rxc5 Kxh3 53. Rd5 Nf7 54. Rf5 Nd8 55. b4 Kg4 56. Rf1 h5 57. b5 h4 58. Ke4 h3 59. Rg1+ Kh4 60. Kf3 h2 61. Rd1 Kh3 62. Kf2 g4 63. Rd3+ g3+ 64. Rxg3+ Kh4 65. Rg7 d3 66. Rh7+ Kg4 67. Rxh2 d2 68. Ke2 Kf5 69. Kxd2 Ke6 70. Kc3 Kd6 71. Kb4 Kc7 72. Rh7+ Kb6 73. Rh6+ Ka7 74. Kc5 Nb7+ 75. Kc6 1-0

[Event "BCF-chT3 0405 (4NCL)"]
[Site "Telford"]
[Date "2005.02.27"]
[Round "6.7"]
[White "Graham, Louis"]
[Black "Miles, Richard"]
[Result "0-1"]
[WhiteElo "1920"]
[BlackElo "2045"]
[PlyCount "68"]
[EventDate "2004.11.06"]
[EventType "team"]
[EventRounds "11"]
[EventCountry "ENG"]
[SourceTitle "EXT 2006"]
[Source "ChessBase"]
[SourceDate "2005.11.24"]
[SourceVersion "1"]
[SourceVersionDate "2005.11.24"]
[SourceQuality "1"]
[WhiteTeam "The ADS II"]
[BlackTeam "SW Dragons II"]
[WhiteTeamCountry "ENG"]
[BlackTeamCountry "ENG"]

1. d4 Nf6 2. Nf3 g6 3. Nc3 d5 4. Bf4 Bg7 5. e3 0-0 6. Be2 Bg4 7. Ne5 Bxe2 8. Qxe2 c6 9. 0-0 Nfd7 10. Nxd7 Nxd7 11. Rfd1 f6 12. e4 e5 13. dxe5 fxe5 14. Bg3 d4 15. Nb1 Qe7 16. Nd2 Rac8 17. Nf3 Bf6 18. Rac1 a6 19. c3 c5 20. Rc2 b5 21. Rdc1 c4 22. cxd4 exd4 23. Rd2 d3 24. Qe3 Qc5 25. Qxc5 Nxc5 26. e5 Bg7 27. Re1 Ne6 28. Bh4 Bh6 29. Rdd1 Rf7 30. Nd2 Bxd2 31. Rxd2 Rd7 32. f3 b4 33. Rdd1 c3 34. bxc3 bxc3 0-1

[Event "BCF-chT3 0405 (4NCL)"]
[Site "Telford"]
[Date "2004.11.06"]
[Round "1.8"]
[White "Milasiute, Vygante"]
[Black "Graham, Louis"]
[Result "1-0"]
[WhiteElo "2061"]
[BlackElo "1920"]
[PlyCount "75"]
[EventDate "2004.11.06"]
[EventType "team"]
[EventRounds "11"]
[EventCountry "ENG"]
[SourceTitle "EXT 2006"]
[Source "ChessBase"]
[SourceDate "2005.11.24"]
[SourceVersion "1"]
[SourceVersionDate "2005.11.24"]
[SourceQuality "1"]
[WhiteTeam "Oxford"]
[BlackTeam "The ADS II"]
[WhiteTeamCountry "ENG"]
[BlackTeamCountry "ENG"]

1. e4 e5 2. Nf3 Nc6 3. Bb5 a6 4. Ba4 Nf6 5. d3 b5 6. Bb3 Be7 7. 0-0 d6 8. c3 Be6 9. Re1 0-0 10. d4 Bxb3 11. axb3 exd4 12. Nxd4 Nxd4 13. Qxd4 c5 14. Qd3 Qc7 15. Nd2 Rfd8 16. f4 Qc6 17. c4 b4 18. Nf3 Bf8 19. h3 Re8 20. e5 dxe5 21. fxe5 Nd7 22. Ng5 g6 23. Qf1 f5 24. exf6 Qxf6 25. Rxe8 Rxe8 26. Rxa6 Qxf1+ 27. Kxf1 Bh6 28. Rd6 Ne5 29. Bd2 Rf8+ 30. Ke2 Re8 31. Re6 Rxe6 32. Nxe6 Bxd2 33. Kxd2 Nd7 34. Kd3 Kf7 35. Ng5+ Kg7 36. Ke4 h6 37. Nf3 Nb6 38. Ke5 1-0

[Event "BCF-chT4 0304 (4NCL)"]
[Site "West Bromwich "]
[Date "2004.06.20"]
[Round "11.6"]
[White "Henbest, Kevin B"]
[Black "Graham, Louis"]
[Result "0-1"]
[WhiteElo "1520"]
[BlackElo "1560"]
[PlyCount "90"]
[EventDate "2003.10.??"]
[EventType "team"]
[EventRounds "11"]
[EventCountry "ENG"]
[SourceTitle "EXT 2005"]
[Source "ChessBase"]
[SourceDate "2004.11.15"]
[SourceVersion "1"]
[SourceVersionDate "2004.11.15"]
[SourceQuality "1"]
[WhiteTeam "Oxford II"]
[BlackTeam "The ADS III"]
[WhiteTeamCountry "ENG"]
[BlackTeamCountry "ENG"]

1. e4 e5 2. Nf3 Nc6 3. Bb5 a6 4. Ba4 Nf6 5. Qe2 b5 6. Bb3 Be7 7. c3 d6 8. h3 0-0 9. 0-0 Be6 10. Bxe6 fxe6 11. d3 h6 12. Nbd2 Qe8 13. a4 Nh5 14. Nb3 Na7 15. axb5 Qxb5 16. Qd1 Nf4 17. Bxf4 Rxf4 18. Ra5 Qb7 19. Nfd2 Nc6 20. Ra4 Qb5 21. Rc4 Rf7 22. Qe2 d5 23. exd5 exd5 24. Rg4 e4 25. c4 dxc4 26. dxc4 Qe5 27. Qxe4 Qxe4 28. Nxe4 Ne5 29. Rg3 Nxc4 30. Rc1 Nxb2 31. Rxc7 a5 32. Nd4 a4 33. Nc6 Bh4 34. Rxf7 Kxf7 35. Rg4 Bf6 36. Nxf6 gxf6 37. Re4 a3 38. Re1 Nd3 39. Ra1 Ke6 40. Nd4+ Kd5 41. Nc2 a2 42. Kf1 Kc4 43. Ke2 Kc3 44. Ne1 Nxe1 45. Kxe1 Kb2 0-1

[Event "BCF-chT4 0304 (4NCL)"]
[Site "West Bromwich "]
[Date "2004.06.19"]
[Round "10.6"]
[White "Yu, Yangshan"]
[Black "Graham, Louis"]
[Result "1/2-1/2"]
[WhiteElo "1376"]
[BlackElo "1560"]
[PlyCount "38"]
[EventDate "2003.10.??"]
[EventType "team"]
[EventRounds "11"]
[EventCountry "ENG"]
[SourceTitle "EXT 2005"]
[Source "ChessBase"]
[SourceDate "2004.11.15"]
[SourceVersion "1"]
[SourceVersionDate "2004.11.15"]
[SourceQuality "1"]
[WhiteTeam "Cheddleton"]
[BlackTeam "The ADS III"]
[WhiteTeamCountry "ENG"]
[BlackTeamCountry "ENG"]

1. e4 e5 2. Nf3 Nc6 3. d4 exd4 4. Bc4 Nf6 5. 0-0 Nxe4 6. Re1 d5 7. Bxd5 Qxd5 8. Nc3 Qh5 9. Nxe4 Be6 10. Bg5 Bd6 11. Nxd6+ cxd6 12. Bf4 Qd5 13. c3 0-0 14. Nxd4 Nxd4 15. Qxd4 Qxd4 16. cxd4 d5 17. Rac1 Rac8 18. f3 h6 19. g4 Rfe8 1/2-1/2

[Event "BCF-chT4 0304 (4NCL)"]
[Site "West Bromwich "]
[Date "2004.03.28"]
[Round "6.4"]
[White "Thomas, Kevin"]
[Black "Graham, Louis"]
[Result "1-0"]
[WhiteElo "1848"]
[BlackElo "1560"]
[PlyCount "75"]
[EventDate "2003.10.??"]
[EventType "team"]
[EventRounds "11"]
[EventCountry "ENG"]
[SourceTitle "EXT 2005"]
[Source "ChessBase"]
[SourceDate "2004.11.15"]
[SourceVersion "1"]
[SourceVersionDate "2004.11.15"]
[SourceQuality "1"]
[WhiteTeam "Nidum Liberals II"]
[BlackTeam "The ADS III"]
[WhiteTeamCountry "ENG"]
[BlackTeamCountry "ENG"]

1. e4 e5 2. Bc4 Nc6 3. Nf3 Nf6 4. Ng5 d5 5. exd5 Na5 6. d3 h6 7. Nf3 Nxc4 8. dxc4 e4 9. Qe2 Bc5 10. 0-0 0-0 11. Nfd2 Bg4 12. Qe1 Re8 13. Nb3 Qe7 14. Be3 Bxe3 15. fxe3 b6 16. Nd4 Qc5 17. b3 a6 18. Rxf6 gxf6 19. Qg3 h5 20. h3 Qd6 21. Qxd6 cxd6 22. hxg4 hxg4 23. Nd2 Re5 24. Rf1 Kg7 25. Nf5+ Kg6 26. Nxd6 f5 27. Rf4 Rd8 28. N6xe4 fxe4 29. Rxg4+ Kf5 30. Rf4+ Kg6 31. Kf2 f5 32. Ke2 Re7 33. g4 Rf8 34. Nxe4 Rxe4 35. gxf5+ Rxf5 36. Rxe4 Rf6 37. Kd3 Kf7 38. Rf4 1-0

[Event "BCF-chT4 0304 (4NCL)"]
[Site "West Bromwich "]
[Date "2004.01.25"]
[Round "4.4"]
[White "Graham, Louis"]
[Black "Gallagher, John"]
[Result "1/2-1/2"]
[WhiteElo "1560"]
[BlackElo "1600"]
[PlyCount "45"]
[EventDate "2003.10.??"]
[EventType "team"]
[EventRounds "11"]
[EventCountry "ENG"]
[SourceTitle "EXT 2005"]
[Source "ChessBase"]
[SourceDate "2004.11.15"]
[SourceVersion "1"]
[SourceVersionDate "2004.11.15"]
[SourceQuality "1"]
[WhiteTeam "The ADS III"]
[BlackTeam "Braille Chess Association"]
[WhiteTeamCountry "ENG"]
[BlackTeamCountry "ENG"]

1. d4 Nf6 2. Nf3 g6 3. Bf4 Bg7 4. e3 c5 5. c4 0-0 6. Nc3 d6 7. Be2 Bg4 8. 0-0 Nc6 9. d5 Nb4 10. a3 Na6 11. Rc1 Nc7 12. h3 Bd7 13. b4 b6 14. e4 Nce8 15. b5 a6 16. a4 axb5 17. axb5 Ra3 18. Qd2 Qa8 19. Qc2 Qa5 20. Bd2 Qa7 21. Rfe1 Nc7 22. Bd3 e5 23. Bg5 1/2-1/2

[Event "BCF-chT4 0304 (4NCL)"]
[Site "West Bromwich "]
[Date "2004.01.24"]
[Round "3.4"]
[White "Snowden, James"]
[Black "Graham, Louis"]
[Result "0-1"]
[WhiteElo "1584"]
[BlackElo "1560"]
[PlyCount "48"]
[EventDate "2003.10.??"]
[EventType "team"]
[EventRounds "11"]
[EventCountry "ENG"]
[SourceTitle "EXT 2005"]
[Source "ChessBase"]
[SourceDate "2004.11.15"]
[SourceVersion "1"]
[SourceVersionDate "2004.11.15"]
[SourceQuality "1"]
[WhiteTeam "Sussex Mindsports"]
[BlackTeam "The ADS III"]
[WhiteTeamCountry "ENG"]
[BlackTeamCountry "ENG"]

1. e4 e5 2. Nf3 Nc6 3. Bc4 Nf6 4. Ng5 d5 5. exd5 Na5 6. Bb5+ c6 7. dxc6 bxc6 8. Be2 h6 9. Nf3 e4 10. Ne5 Bd6 11. d4 exd3 12. Nxd3 0-0 13. Nc3 Qc7 14. h3 Be6 15. b3 Rad8 16. Bb2 Nb7 17. 0-0 Rfe8 18. Rc1 Nd5 19. Ne4 Nf4 20. Qd2 Bd5 21. Ng3 f6 22. Bh5 Nxh5 23. Nxh5 Nc5 24. Nxc5 Bh2+ 0-1

[Event "BCF-chT4 0203 fin (4NCL)"]
[Site "Telford"]
[Date "2003.04.13"]
[Round "8.4"]
[White "Graham, Louis"]
[Black "Calvert, David Ian"]
[Result "1/2-1/2"]
[WhiteElo "1360"]
[BlackElo "2026"]
[PlyCount "97"]
[EventDate "2003.04.??"]
[EventType "team"]
[EventRounds "3"]
[EventCountry "ENG"]
[SourceTitle "EXT 2004"]
[Source "ChessBase"]
[SourceDate "2003.11.25"]
[SourceVersion "1"]
[SourceVersionDate "2003.11.25"]
[SourceQuality "1"]
[WhiteTeam "The ADS III"]
[BlackTeam "Metropolitan"]
[WhiteTeamCountry "ENG"]
[BlackTeamCountry "ENG"]

1. d4 d5 2. Nf3 Nf6 3. Bf4 g6 4. e3 Bg7 5. Bd3 c5 6. c3 cxd4 7. cxd4 Nc6 8. a3 0-0 9. 0-0 a6 10. h3 Bf5 11. Bxf5 gxf5 12. Qd3 Ne4 13. Nbd2 Nxd2 14. Qxd2 e6 15. Bg5 Bf6 16. Bxf6 Qxf6 17. Rfd1 Kh8 18. Rac1 Rg8 19. Kh2 Rg7 20. Rg1 Qe7 21. Qc3 Qd6+ 22. Kh1 f6 23. Qc5 Qd8 24. Rcd1 Rc8 25. Rc1 Ne7 26. Qb4 Ng6 27. Rc5 Rxc5 28. Qxc5 Rc7 29. Qb6 Qd7 30. Qb4 Rc4 31. Qb6 Rc6 32. Qb4 b6 33. Qa4 Qc8 34. Ne1 Rc4 35. Qb3 Qc6 36. Nd3 a5 37. f4 Rc2 38. Ne1 Rc1 39. Nf3 Rxg1+ 40. Kxg1 Kg7 41. Kf2 Kf7 42. a4 Ne7 43. Ke2 Nc8 44. Kd3 Nd6 45. Nd2 Ke7 46. Qc2 Kd7 47. Qxc6+ Kxc6 48. b3 b5 49. Kc3 1/2-1/2